000 00463nam a22001457a 4500
008 151009b xxu||||| |||| 00| 0 eng d
020 _a0878391460
050 _aSPE PS 3565 .O76 2000
100 _aO'rourke, Michael
_d2000.
245 _aThe ordeal of Riley McReynolds:
_cMichael O'Rourke.
260 _aCanada:
_bNorth star press,
_c2000.
300 _a311p.:
650 _aEnglish Fiction
942 _2lcc
_cSH_L_BOOKS
_hSPE PS 3565 .O76 2000
999 _c8027
_d8027